000 00278nam a2200109 4500
999 _c10141
_d10141
008 180803b ||||| |||| 00| 0 eng d
245 _aFire control.
260 _aDavao City
_bSun Star Davao
_cc2016
300 _apage 10.
650 0 _929938
_aFire prevention.
942 _2ddc
_cPER